<?xml version="1.0" encoding="UTF-8"?>
<record
    xmlns:xsi="http://www.w3.org/2001/XMLSchema-instance"
    xsi:schemaLocation="http://www.loc.gov/MARC21/slim http://www.loc.gov/standards/marcxml/schema/MARC21slim.xsd"
    xmlns="http://www.loc.gov/MARC21/slim">

  <leader>01428cam a2200385 i 4500</leader>
  <controlfield tag="001">768714001</controlfield>
  <controlfield tag="003">CO-MdFUSB</controlfield>
  <controlfield tag="005">20240716090320.0</controlfield>
  <controlfield tag="007">ta</controlfield>
  <controlfield tag="008">770901t1983    gw       b    001 0 ger  </controlfield>
  <datafield tag="010" ind1=" " ind2=" ">
    <subfield code="a">   77477888 </subfield>
  </datafield>
  <datafield tag="020" ind1=" " ind2=" ">
    <subfield code="a">3459010983</subfield>
  </datafield>
  <datafield tag="040" ind1=" " ind2=" ">
    <subfield code="a">DLC</subfield>
    <subfield code="c">CO-MdFUSB</subfield>
    <subfield code="d">DLC</subfield>
    <subfield code="d">CO-MdFUSB</subfield>
    <subfield code="b">spa</subfield>
    <subfield code="e">rda</subfield>
  </datafield>
  <datafield tag="041" ind1=" " ind2=" ">
    <subfield code="a">eng</subfield>
  </datafield>
  <datafield tag="082" ind1=" " ind2=" ">
    <subfield code="2">23</subfield>
    <subfield code="a">230.041</subfield>
    <subfield code="b">G389</subfield>
  </datafield>
  <datafield tag="100" ind1="1" ind2=" ">
    <subfield code="a">Gese, Hartmut.</subfield>
    <subfield code="e">autor</subfield>
  </datafield>
  <datafield tag="245" ind1="1" ind2="0">
    <subfield code="a">Zur biblischen Theologie :</subfield>
    <subfield code="b">alttestamentl vortr&#xE4;ge /</subfield>
    <subfield code="c">Hartmut Gese.</subfield>
  </datafield>
  <datafield tag="264" ind1=" " ind2="1">
    <subfield code="a">M&#xFC;nchen :</subfield>
    <subfield code="b">Kaiser,</subfield>
    <subfield code="c">[1983]</subfield>
  </datafield>
  <datafield tag="264" ind1=" " ind2="4">
    <subfield code="c">&#xA9; 1983</subfield>
  </datafield>
  <datafield tag="300" ind1=" " ind2=" ">
    <subfield code="a">239 p&#xE1;ginas ;</subfield>
    <subfield code="c">23 cm.</subfield>
  </datafield>
  <datafield tag="336" ind1=" " ind2=" ">
    <subfield code="2">rdacontent</subfield>
    <subfield code="a">texto</subfield>
    <subfield code="b">txt</subfield>
  </datafield>
  <datafield tag="337" ind1=" " ind2=" ">
    <subfield code="2">rdamedia</subfield>
    <subfield code="a">sin mediaci&#xF3;n</subfield>
    <subfield code="b">n</subfield>
  </datafield>
  <datafield tag="338" ind1=" " ind2=" ">
    <subfield code="2">rdacarrier</subfield>
    <subfield code="a">volumen</subfield>
    <subfield code="b">nc</subfield>
  </datafield>
  <datafield tag="490" ind1="1" ind2=" ">
    <subfield code="a">Beitr&#xE4;ge zur evangelischen Theologie : theologische Abhandlungen ;</subfield>
  </datafield>
  <datafield tag="504" ind1=" " ind2=" ">
    <subfield code="a">Incluye referencias bibliogr&#xE1;ficas
</subfield>
  </datafield>
  <datafield tag="505" ind1=" " ind2=" ">
    <subfield code="a">Comprensi&#xF3;n b&#xED;blica de las Escrituras. -- La muerte en el Antiguo Testamento. -- La Ley. -- La Expiaci&#xF3;n. -- El origen de la Cena del Se&#xF1;or. -- El Mes&#xED;as. -- El pr&#xF3;logo de Juan. La cuesti&#xF3;n de la cosmovisi&#xF3;n. --&#xCD;ndice de nombres y materias. -- &#xCD;ndice de pasajes de la Biblia.</subfield>
  </datafield>
  <datafield tag="563" ind1=" " ind2=" ">
    <subfield code="a">R&#xFA;stico</subfield>
  </datafield>
  <datafield tag="650" ind1=" " ind2="7">
    <subfield code="9">320</subfield>
    <subfield code="a">Teolog&#xED;a b&#xED;blica</subfield>
  </datafield>
  <datafield tag="830" ind1=" " ind2="0">
    <subfield code="a">beitr&#xE4;ge zur evangelischen Theologie ;</subfield>
    <subfield code="v">Bd. 78.</subfield>
  </datafield>
  <datafield tag="942" ind1=" " ind2=" ">
    <subfield code="c">BK</subfield>
  </datafield>
  <datafield tag="945" ind1=" " ind2=" ">
    <subfield code="a">JTF-925</subfield>
  </datafield>
  <datafield tag="952" ind1=" " ind2=" ">
    <subfield code="0">0</subfield>
    <subfield code="1">0</subfield>
    <subfield code="2">ddc</subfield>
    <subfield code="4">0</subfield>
    <subfield code="7">0</subfield>
    <subfield code="8">GEN</subfield>
    <subfield code="a">FUSBC</subfield>
    <subfield code="b">FUSBC</subfield>
    <subfield code="d">2020-04-20</subfield>
    <subfield code="e">Donaci&#xF3;n Nottingham</subfield>
    <subfield code="l">0</subfield>
    <subfield code="o">G 230.041 G389z</subfield>
    <subfield code="p">24561</subfield>
    <subfield code="r">2020-04-20 00:00:00</subfield>
    <subfield code="t">Ej.1</subfield>
    <subfield code="w">2020-04-20</subfield>
    <subfield code="y">BK</subfield>
    <subfield code="k">1</subfield>
  </datafield>
  <datafield tag="999" ind1=" " ind2=" ">
    <subfield code="c">65740</subfield>
    <subfield code="d">65740</subfield>
  </datafield>
</record>
